[Event "Quebec-ch Intercoll"]
[Site "Joliette"]
[Date "1993.04.10"]
[Round "3"]
[White "Guindon, Eric"]
[Black "Laflamme, Simon"]
[Result "0-1"]
[WhiteElo "1354"]
[BlackElo "1701"]
[PlyCount "58"]
[EventDate "1993.04.09"]
[EventType "swiss"]
[EventRounds "6"]
[EventCountry "CAN"]
[SourceTitle "EXT 2022"]
[Source "ChessBase"]
[SourceDate "2021.10.06"]
[SourceVersion "1"]
[SourceVersionDate "2021.10.06"]
[SourceQuality "1"]

1. c4 Nf6 2. Nc3 g6 3. Nf3 Bg7 4. d4 0-0 5. e4 d6 6. Be2 e5 7. 0-0 Nc6 8. d5 Ne7 9. b4 a5 10. bxa5 Rxa5 11. Bd2 Nd7 12. Qc1 Nc5 13. Be3 f5 14. exf5 Nxf5 15. Bxc5 dxc5 16. Ne4 Nd4 17. Bd1 Bf5 18. Nxd4 exd4 19. Bf3 d3 20. Qd2 Ra3 21. Rab1 b6 22. Rb3 Qa8 23. Qxd3 Rxa2 24. Rbb1 Bd4 25. Qb3 Bxe4 26. Bxe4 Raxf2 27. Rxf2 Rxf2 28. Kh1 Qe8 29. Re1 Qxe4 0-1